Statistics for Translate the country to spanish

Click here to take the quiz!

General Stats

  • This quiz has been taken 9 times
  • The average score is 10 of 15

Answer Stats

HintAnswer% Correct
ChinaChina
100%
BrazilBrasil
89%
IndiaIndia
89%
ItalyItalia
89%
MongoliaMongolia
78%
LaosLaos
67%
NepalNepal
67%
NigerNíger
67%
SudanSudán
67%
BhutanBután
56%
FinlandFinlandia
56%
LibyaLibia
56%
EgyptEgipto
44%
ThailandTailandia
44%
TunisiaTúnez
22%

Score Distribution

Percentile by Number Answered

Percent of People with Each Score

Your Score History

You have not taken this quiz